[Event "Ceriano Laghetto op-B 15th"]
[Site "Ceriano Laghetto"]
[Date "2006.04.01"]
[Round "2"]
[White "Biava, Pierluigi"]
[Black "Ragusa, Luigi"]
[Result "1-0"]
[WhiteElo "1679"]
[BlackElo "1787"]
[PlyCount "57"]
[EventDate "2006.03.31"]
[EventType "swiss"]
[EventRounds "5"]
[EventCountry "ITA"]
[SourceTitle "EXT 2011"]
[Source "ChessBase"]
[SourceDate "2010.11.26"]
[SourceVersion "1"]
[SourceVersionDate "2010.11.26"]
[SourceQuality "1"]

1. Nf3 Nf6 2. b3 g6 3. Bb2 Bg7 4. e3 0-0 5. Be2 d6 6. d4 Nbd7 7. 0-0 c5 8. c3 e5 9. Na3 exd4 10. cxd4 Ne4 11. Nc4 b6 12. Nfd2 d5 13. Nxe4 dxe4 14. Qc2 cxd4 15. Qxe4 Ba6 16. exd4 Re8 17. Qf3 Nf6 18. Rad1 Rc8 19. Rfe1 Nd5 20. Bf1 Rxe1 21. Rxe1 Nb4 22. Ne5 Bxe5 23. Bxa6 Bxh2+ 24. Kxh2 Rc2 25. Ba3 Nxa6 26. Re7 Qf8 27. Qe4 Qh6+ 28. Kg1 Nc7 29. Qxc2 1-0

[Event "Ceriano Laghetto op-B 15th"]
[Site "Ceriano Laghetto"]
[Date "2006.04.01"]
[Round "3"]
[White "Ragusa, Luigi"]
[Black "Colombo, Sandro"]
[Result "0-1"]
[WhiteElo "1787"]
[BlackElo "1733"]
[PlyCount "68"]
[EventDate "2006.03.31"]
[EventType "swiss"]
[EventRounds "5"]
[EventCountry "ITA"]
[SourceTitle "EXT 2011"]
[Source "ChessBase"]
[SourceDate "2010.11.26"]
[SourceVersion "1"]
[SourceVersionDate "2010.11.26"]
[SourceQuality "1"]

1. c4 e5 2. Nc3 Nf6 3. g3 d5 4. cxd5 Nxd5 5. Bg2 Nb6 6. e3 Nc6 7. Nge2 Be6 8. 0-0 Be7 9. d4 Bc4 10. d5 Nb4 11. e4 Rc8 12. Be3 c6 13. Bxb6 Qxb6 14. d6 Rd8 15. Na4 Qa5 16. a3 Rxd6 17. Qe1 Qxa4 18. axb4 Qc2 19. Bf3 Bxe2 20. Bxe2 a6 21. f3 Rd2 22. Rf2 Bxb4 23. Rc1 Qxb2 24. Rb1 Qd4 25. Rxb4 Rxe2 26. Qxe2 Qxb4 27. Qe3 0-0 28. Rd2 a5 29. Rd7 a4 30. Qg5 a3 31. Qxe5 a2 32. Rd1 Qb1 33. Qd4 h6 34. Kg2 Ra8 0-1